000 00266nam a22001217a 4500
008 181015b xxu||||| |||| 00| 0 eng d
041 _aeng
080 _a371
100 _a25
101 _aEDU
245 _aCritical Survey of Poetry
_cMagill,F.N
942 _2udc
_cBK
999 _c49630
_d49630